| 000 | 01258nam a2200397 i 4500 | ||
|---|---|---|---|
| 001 | 55876 | ||
| 003 | KOSZ 005 | ||
| 005 | 20191220092335.0 | ||
| 008 | 100427s2008 pl a f |000 0 pol | ||
| 015 | _aPB 2010/11085 | ||
| 020 | _a9788374881319 | ||
| 035 | _a(OCoLC)297595909 | ||
| 040 |
_aWA N _cWA N _dKOSZ 005/HR |
||
| 046 | _k2008 | ||
| 080 | _a005.521 | ||
| 080 | _a330.43 | ||
| 080 | _a(07) | ||
| 100 | 1 |
_aSobczyk, Mieczysław _d(1945- ) _eAutor |
|
| 245 | 1 | 0 |
_aPrognozowanie : _bteoria, przykłady, zadania / _cMieczysław Sobczyk. |
| 260 |
_aWarszawa : _bWydawnictwo Placet, _c2008. |
||
| 300 |
_a221 s. : _bil. ; _c24 cm. |
||
| 336 |
_2rdacontent _aTekst _btxt |
||
| 337 |
_2rdamedia _aBez urządzenia pośredniczącego _bn |
||
| 338 |
_2rdacarrier _aWolumin _bnc |
||
| 380 | _aKsiążki. | ||
| 380 | _aPublikacje dydaktyczne | ||
| 388 | _a2001- | ||
| 490 | 1 | _aZarządzanie Finansami. | |
| 504 | _aBibliogr. s. 207-208. | ||
| 650 | 4 | _aPrognozy | |
| 658 | _aGospodarka, ekonomia, finanse | ||
| 655 | 4 | _aPodręcznik | |
| 830 | 0 | _aZarządzanie Finansami (Wydawnictwo Placet) | |
| 856 |
_uhttp://koha.tu.koszalin.pl/cgi-bin/koha/opac-detail.pl?biblionumber=55876 _yKatalog online BPK |
||
| 942 |
_2UKD _cKS |
||
| 999 |
_c55876 _d55876 |
||